Ako keby sme sa ani nerozdelili

Česká a Slovenská republika vyprodukovali systém, ktorí má len jednu zásadnú odlišnosť. Porovnanie oboch systémov.

Salvato in:
Dettagli Bibliografici
Autore principale: Leško, Marián
Natura: Capitolo di libro
Lingua:slovacco
Soggetti:
Tags: Aggiungi Tag
Nessun Tag, puoi essere il primo ad aggiungerne!!

MARC

LEADER 00000naa a2200000 4500
001 0219336
005 20231113105313.3
041 0 |a slo 
044 |a SK 
245 1 0 |a Ako keby sme sa ani nerozdelili  |c Marián Leško 
520 |a Česká a Slovenská republika vyprodukovali systém, ktorí má len jednu zásadnú odlišnosť. Porovnanie oboch systémov. 
610 2 0 |a Česko 
610 2 0 |a Slovensko 
610 2 0 |a politika vnútorná 
610 2 0 |a porovnanie medzinárodné 
100 1 |a Leško, Marián